La inserción de América Latina en la economía internacional
Zapisane w:
| 1. autor: | |
|---|---|
| Format: | Książka |
| Język: | hiszpański |
| Wydane: |
Ciudad de México
Siglo XXI
2008
Ciudad de México CLACSO 2008 |
| Wydanie: | 1a. ed |
| Hasła przedmiotowe: | |
| Etykiety: |
Dodaj etykietę
Nie ma etykietki, Dołącz pierwszą etykiete!
|
MARC
| LEADER | 00000nam a2200000 a 4500 | ||
|---|---|---|---|
| 001 | UCG6994 | ||
| 003 | CL-VaPUC | ||
| 008 | 110609e20080000mx |||||||||||||||||spa|d | ||
| 020 | |a 9786073000246 | ||
| 082 | 0 | 4 | |a 337.18 |b EST |2 21 |
| 100 | 0 | |a Estay, Jaime |e author |9 557511 | |
| 245 | 1 | 3 | |a La inserción de América Latina en la economía internacional |
| 250 | |a 1a. ed | ||
| 300 | |a 264 p | ||
| 942 | |c BK | ||
| 945 | |d 20110609 00:00:00 |a dcastane | ||
| 260 | |a Ciudad de México |b Siglo XXI |c 2008 | ||
| 260 | |a Ciudad de México |b CLACSO |c 2008 | ||
| 600 | 0 | 7 | |a CLACSO |2 CL-VaPUC |9 557500 |
| 600 | 0 | 7 | |a CONSEJO LATINOAMERICANO DE CIENCIAS SOCIALES |2 CL-VaPUC |9 557501 |
| 650 | 0 | |a Economía internacional |9 258254 | |
| 650 | 0 | |a Integración económica |9 255024 | |
| 650 | 0 | |a Economía |9 255568 | |
| 651 | 0 | |a América Latina |9 255027 | |
| 583 | |a last modification |c 20171213 01:53:52 |k Rodrigo Vera | ||
| 999 | |c 345099 |d 345097 | ||
| 952 | |0 0 |1 0 |4 0 |6 337_180000000000000_EST_2008_2008 |7 0 |8 A |9 443553 |a BIBHIS |b BIBHIS |d 2019-11-22 |i 4783352 |o 337.18 EST 2008 2008 |p 4783352 |r 2025-01-20 |w 2019-11-22 |y BK |k HIS | ||